000 00652nam a2200241Ia 4500
003 OSt
005 20221007101358.0
006 a|||||r|||| 00| 0
007 ta
008 221006b |||||||| |||| 00| 0 eng d
024 _a6,356
037 _cTextual
040 _aLCO
_cLCO
_beng
041 _2eng
_aeng
082 _aW4:11.2'L7-40, L2
100 _aSATISH CHANDRA
245 0 _aParties & politics at Mughal Court,1707-1740.
260 _aN.
_bDelhi Peoples Pub. House
_c1972
300 _a323
650 _aMUGHAL COURT
_9702914
942 _hW4:11.2'L7-40, L2
_cTEXL
999 _c1175919
_d1175919